| 000 | 00597nam a2200205Ia 4500 | ||
|---|---|---|---|
| 005 | 20250508163627.0 | ||
| 008 | 008 250505s9999 xx 000 0 eng d | ||
| 020 | _a81-7120-147-4 | ||
| 037 | _aTextual | ||
| 040 |
_aFEDL _beng _cFEDL |
||
| 041 |
_aeng _2eng |
||
| 084 |
_a158.12, SAT _qFEDL |
||
| 100 |
_aSatprakashananda Swami _950039 |
||
| 245 | 0 | _aMeditation : Its process, practice, and culmination | |
| 260 |
_aMadras, India _bSri Ramakrishna Math _c1976 |
||
| 300 | _a264p. | ||
| 650 | _aApplied Psychology | ||
| 942 |
_cTEXL _h158.12, SAT |
||
| 999 |
_c1384410 _d1384410 |
||